000 00739nam a2200253Ia 4500
003 OSt
005 20221005022615.0
006 a|||||r|||| 00| 0
007 ta
008 221004b |||||||| |||| 00| 0 eng d
020 _c100
024 _a22454
037 _b901, 11/03/2015, H.K. Prakashan
_cTextual
040 _aCRL
_cCRL
_beng
041 _2eng
_aeng
082 _aDelta8441, Q0
100 _aSingh Amandeep
_9578280
245 0 _aCelectial grace
_b Thoughts on sikh spirituality
260 _aAmritsar
_bNaad Pargaas India
_c2010
300 _a85p.
_ccm.
650 _aSPIRITUALISM
942 _hDelta8441, Q0
_cTEXL
_2cc
999 _c929699
_d929699